000 00909nam0a22002891 4500
001 v19\rc\1640554
005 20250618235902.0
035 _a(NLR Aleph) 004753914
090 _a4550293
_c4550293
100 _a20061002d1861 |||y0rusy50 ca
101 0 _arus
102 _aRU
105 _ay z |||||
200 1 _aСказка о том, как племянник Семен дядю Ивана грамоте учил
210 _aСанкт-Петербург
_c[тип. К. Вульфа]
_d1861
215 _a78 с.
_d23
300 _aВ конце авторского посвящения: от А. Торубаева
700 1 _aТорубаев
_bА.Н.
801 0 _aRU
_bNLR
_gpsbo
801 0 _aRU
_bRuMoRGB
_2psbo
801 1 _aRU
_bProSoft-M
_2rusmarc
852 _aNLR
_j18.94.3.111
899 _aRuMoRGB
_jМК
899 _aБАН
899 _aНБ СПбГУ
942 _cBOOK
980 _aNB